Les familles de séries TV en image - Statistiques

Statistiques générales
  • Ce quiz a été pris 76 fois
  • Le résultat moyen est 5 sur 22
Statistiques - réponses
Par images Réponse % Correct
Addams
63%
White
52%
Ingalls
48%
Geller
47%
Halliwell
45%
Kyle
42%
Griffin
34%
Kent
33%
Ewing
31%
Lannister
30%
Cooper
23%
Soprano
19%
Van Houten
16%
Bundy
8%
Smith
8%
Bouley
5%
Broflovski
5%
Fontella
2%
Morgendorffer
2%
Sommers
2%
Winslow
2%
Solar Opposites
0%
Aucun quiz correspondant
Distribution des résultats
% des personnes avec chaque résultat
Percentile par nombre de réponses
Votre historique - résultats
Vous n’avez pas pris ce quiz